| 000 | 00412nam a2200169Ia 4500 | ||
|---|---|---|---|
| 008 | 230524s9999 xx 000 0 und d | ||
| 020 | _a8121931924 | ||
| 082 | _bALE | ||
| 100 |
_aK. Alex _942576 |
||
| 245 | 0 | _aSoft Skill : Know Yourself and Know The World | |
| 250 | _a3 | ||
| 260 |
_aNew Delhi _bS.Chand _c2014 |
||
| 300 | _a"X,254p;" | ||
| 500 | _aQuantity Number: 1 | ||
| 650 | _aEnglish | ||
| 942 | _cBK | ||
| 999 |
_c57535 _d57535 |
||